000 01945nam0a2200373 i 4500
001 RU\NLR\bibl\1988319
005 20260408091720.0
010 _a9785905039201
_9600
021 _aRU
_b2012-100131
_97389
035 _a(nilc)RuMoRGB-006511490
035 _a(NLR Aleph) 001976883
090 _a4034453
_c4034453
100 _a20130114d2012 u y0rusy50 ca
101 0 _arus
102 _aRU
105 _ac |||||||||
200 1 _aЖивем и работаем в Карелии
_e(информационные материалы по вопросам социально-культурной адаптации мигрантов)
_fГос. ком. Респ. Карелия по вопросам нац. политики, связям с общественными и религиозными об-ниями
_g[редкол.: Бирин В. Н. и др.]
205 _a2-е изд.
210 _aПетрозаводск
_c[б.и.]
_d2012
215 _a145 с.
_cпортр., табл.
_d21
607 _aКарелия, Республика
_xНаселение
_92225037
_3RU\NLR\AUTH\661335792
607 _aКарелия, Республика
_xНародное хозяйство
_xУправление
_92162296
_3RU\NLR\AUTH\661301221
686 1 _aС73(2Р-6Кар)74
686 1 _aУ21(2)9(2Р-6Кар)
702 1 _aБирин
_bВ. Н.
_gВиктор Николаевич
_4340
712 0 1 _4570
_aРеспублика Карелия
_bГосударственный комитет по вопросам национальной политики, связям с общественными и религиозными объединениями
_9346603
_3RU\NLR\AUTH\8810230803
801 0 _aRU
_bRuMoRKP
_c20130114
_gRCR
801 2 _aRU
_bРГБ
_c20130124
_grcr
801 1 _aRU
_bRuMoRKP
_c20130114
_2rusmarc
801 2 _aRU
_bNLR
_c20130118
_grcr
942 _cBOOK
980 _aNBR